[Event "Match 78__120'/40"]
[Site "Zurich"]
[Date "2024.??.??"]
[Round "42"]
[White "Mephisto Polgar sel. 5"]
[Black "Saitek D+ EGR 10 MHz"]
[Result "0-1"]
[WhiteElo "1991"]
[BlackElo "1992"]
[Annotator "Utzinger,K"]
[PlyCount "101"]
[EventDate "2024.05.22"]
[EventType "match"]
[SourceVersionDate "2024.04.21"]

{[%evp 0,101,19,38,43,18,28,33,15,-7,10,22,54,46,34,24,42,75,79,75,126,55,50,61,61,49,76,-32,-30,-41,-10,-55,-60,-53,-63,-64,-60,-62,-65,-88,-102,-88,-86,-107,-81,-98,-117,-130,-124,-113,-91,-123,-143,-135,-151,-157,-162,-146,-155,-150,-127,-210,-168,-175,-175,-175,-161,-154,-146,-244,-115,-111,-107,-147,-131,-131,-132,-139,-187,-155,-180,-177,-193,-191,-156,-231,-162,-162,-187,-200,-198,-248,-312,-446,-518,-597,-630,-757,-844,-1328,-1362,-1393,-928,-928]} 1. e4 e6 {Match 120'/40 | Bediener: Rolf Bühler | 26.09.2024 | 42. Partie: Schwarz (Saitek D+) gewinnt | Zwischenstand: 21,0-21,0 (50,0%) Ausgleich / hypothetisch: 27-15 (64,2%) für Mephisto Polgar | Eröffnung: Französische Verteidigung, Tarrasch Variante 4.exd5 Dxd5 | Die schlechte Eröffnungsanlage des Saitek D+ vermag der Mephisto Polgar nicht zu bestrafen. Mit dem fehlerhaften Bauernvorstoss 22.c4 landet dann aber Weiss selbst in einer verlorenen Stellung. Und einmal mehr findet die Entscheidung in einem schwierigen Turmendspiel statt, wo sich die schwarzen Freibauern am Damenflügel den gegnerischen am Königsflügel weit überlegen zeigen. Ein glücklicher Sieg für das Programm von Julio Kaplan.} 2. d4 d5 3. Nd2 c5 4. exd5 Qxd5 5. Ngf3 cxd4 6. Bc4 Qd6 7. O-O Nc6 {***ENDE BUCH*** Bewertung: = (0.18) (52% +6% =93% -2%)} 8. Ne4 {***ENDE BUCH*** Bewertung: = (0.22) (52% +6% =92% -1%)} (8. Nb3 {ist die üblichste Fortsetzung} Nf6 9. Nbxd4 Nxd4 10. Nxd4 $11) 8... Qb4 $2 $16 {Der Saitek D+ ist mit dem letzten Buchzug 8.Se4 seines Gegners auf dem falschen Fuss erwischt worden und macht einen grottenschlechten Damenzug. Auf b4 steht die Dame sehr ungünstig und ist dort auch weiteren Angriffen ausgesetzt. Angezeigt war der Rückzug nach d8.} 9. Qd3 {[#]} e5 $2 {[%mdl 2] Verliert ein wichtiges Tempo für die Entwicklung und öffnet unvorsichtig die Stellung. Meine Engines brüllen: "White is winning". Unten zwei Siegesvarianten von Rems Sep24-avx2:} 10. Neg5 $6 {Weiss gibt sich "nur" mit klarem Vorteil zufrieden.} ({Rems Sep24-avx2: 1)} 10. c3 {+- (4.11) (100%)} Qb6 11. Neg5 Nh6 12. cxd4 exd4 13. Re1+ Be7 14. Bf4 Bf5 15. Bxf7+ Kf8 16. Qc4 Qb4 17. h3 Qxc4 18. Bxc4 Ng8 19. Rad1 h6 20. Nf7 Rh7 21. N7e5 g5 22. Nxc6 bxc6 23. Nxd4 Bd7 24. Bg3 h5 25. Nf3 Bf5 26. Bd6 Bxd6 27. Rxd6 Re7 28. Red1 g4 29. Nd4 Bd7 30. hxg4 hxg4 31. Nxc6 Bxc6 32. Rxc6 Rae8 33. Rd4 Nf6 34. Rxf6+ Kg7 {[%eval 411,40] [%wdl 1000,0,0]}) ({Rems Sep24-avx2: 2)} 10. Re1 {+- (3.83) (100%)} Bf5 11. c3 Qe7 12. cxd4 O-O-O 13. Nd6+ Qxd6 14. Qxf5+ Qd7 15. Qxd7+ Rxd7 16. Nxe5 Nxe5 17. dxe5 Bb4 18. Rf1 Rc7 19. Bb3 Rc6 20. Bxf7 Ne7 21. Rd1 Rf8 22. e6 Rd8 23. Be3 Rd5 24. g3 b6 25. Kg2 Rc2 26. Rac1 Rxc1 27. Rxc1+ Kd8 28. Rc2 h6 29. a4 Bc5 30. Bf4 {[%eval 383,40] [%wdl 1000,0,0]}) 10... Nh6 11. c3 dxc3 12. bxc3 ({Stärker ist} 12. a3 Qd6 13. Qxc3 $16) 12... Qd6 13. Nxh7 {Ein taktischer Fehlschlag, woraus leichter Vorteil für Schwarz resultiert.} ({Nach} 13. Bd5 Be7 14. Rd1 Bf5 15. Nxf7 Qf6 16. Bxc6+ bxc6 17. Nd6+ Qxd6 18. Qxd6 Bxd6 19. Rxd6 {steht Weiss noch immer besser.}) 13... Qxd3 14. Bxd3 Be7 15. Re1 Bf5 16. Bxf5 Nxf5 17. Nhg5 f6 18. Ne4 O-O-O {Schwarz hat die gesündere Bauernstruktur und aktiver stehende Figuren. Zudem beherrscht er die offene d-Linie. Weiss muss bereits sorgfältig agieren, um nicht unter die Räder zu kommen.} 19. Bb2 {Der Läufer findet keinen guten Platz.} Nh4 $6 {Schwarz findet keinen adäquaten Plan, der z.B. in 19...Sa5 nebst ....Sc4 besteht, um seine Stellung zu verstärken.} (19... Na5 20. Rad1 Nc4 21. Bc1 Nfd6 22. Nxd6+ Rxd6 23. Rxd6 Nxd6) 20. Nxh4 Rxh4 $15 {Schwarz steht nur noch geringfügig besser.} 21. Rab1 $2 {Erlaubt dem Gegner die Initiative zu übernehmen.} ({Gut war} 21. g3 {Öffnet dem König ein Luftloch und engt den Aktionsradius für die schwarzen Figuren am Königsflügel ein.} Rg4 (21... Rhh8 22. h4 $15) 22. f3 Rg6 23. Rad1 $15) 21... g6 {Mit dieser zahmen Fortsetzung verpasst es Schwarz, wieder klar das Ruder zu übernehmen. Weiss musste mit 22.g3 dem gegnerischen Turm die vierte Reihe streitig machen.} (21... f5 22. Ng3 g6 23. Bc1 Ra4 24. Rb2 b6 25. h3 Kb7 $17) {[#]} 22. c4 $2 $19 {[%mdl 2] Wie sich zeigt, ist das ein entscheidender Fehler.} f5 23. Ng3 Rxc4 24. Bxe5 {Die materielle Beurteilung des Programms von Ed Schröder stimmt, aber nun wird die positionelle Überlegenheit von Schwarz überwältigend.} Rc2 {Bewertung von Rems Sept24-avx2: -+ (-2.98) (0% +0% =0% -100%)} 25. Rb2 Rdd2 26. Rxc2 Rxc2 27. Bg7 Rxa2 28. Re6 Bc5 29. Rxg6 Bxf2+ $2 {Wirft 2/3 seines Vorteils weg. Schwarz hätte mit dem Turm schlagen sollen.} 30. Kh1 $2 {Umgehend revanchiert sich Weiss mit einem Fehler, den unsere Oldies immer wieder machen, indem sie im Endspiel bei einem Schach den König in die Ecke stellen. Dabei steht der König möglichst nah zum Zentrum fast ausnahmslos deutlich stärker, wo er rasch aktiv werden kann.} Rd2 31. h4 (31. Nf1 {leistet mehr Widerstand, denn} Rd1 {gewinnt keine Figur nach} 32. g3 Rxf1+ $2 33. Kg2 Rd1 34. Kxf2 $11 {Ausgleich}) 31... Ne7 32. Rg5 {Der Turm ist an die Deckung des Sg3 gebunden.} (32. Re6 $2 Bxg3 33. Rxe7 $4 Rd1+ 34. Re1 Rxe1# {Matt}) 32... Be3 33. Rh5 (33. Rxf5 {rettet auch nicht mehr} Nxf5 34. Nxf5 Rd1+ 35. Kh2 Rd7 36. Be5 Bc1 37. g4 {Rems Sep24-avx2:} Rd2+ 38. Kg1 Kd7 39. h5 Ke6 40. Bd4 b6 41. Bc3 Rd3 42. Bg7 Kf7 43. Kg2 a5 44. h6 Kg6 45. Ne7+ Kh7 46. Bf6 Bxh6 47. Nc8 a4 48. g5 Bg7 49. Be7 Kg6 50. Bb4 Rb3 51. Bd6 Kf5 52. Ne7+ Kxg5 53. Nc8 Kf5 54. Kf1 b5 55. Ke2 Ke6 56. Kd1 Rc3 57. Ke2 Rxc8 {[%eval -640,45] [%wdl 0,0,1000]}) 33... Bf4 ({Wesentlich stärker ist} 33... Rd1+ 34. Kh2 Bf4 $19) 34. Bh6 {Besser Sf1.} Bxh6 35. Rxh6 a5 36. Re6 Kd7 37. Rb6 Kc7 38. Re6 Rd7 $6 {Viel wichtiger, als sich an den Bauern f5 zu klammern, war es, seine verbundenen Freibauern am Damenflügel in Bewegung zu setzen, zum Beispiel:} (38... Nc6 {solche Varianten liegen allerdings weit ausserhalb der Möglichkeiten unserer Oldies} 39. Nxf5 (39. Re1 a4 40. Ne2 a3 41. Nc3 Rd3 42. Rc1 Kd7 43. Kh2 Ke7 $19) 39... a4 40. Re1 a3 41. Ra1 a2 42. h5 b5 43. h6 Ne5 44. h7 Ng6 45. Kh2 b4 46. Nh4 Nh8 47. Nf3 Rb2 48. Kh3 Kb6 $19) 39. Re5 $2 {[%mdl 2] Weiss sieht nur, dass er nun materiellen Gleichstand herstellen kann, aber ist verständlicherweise ahnungslos, dass das danach entstehende Turmendspiel glatt verloren ist. In solchen Stellungen spielen materielle Überlegungen meistens eine untergeordnete Rolle. So sollte Weiss hier sofort mit 39.h5 seinen eigenen Freibauern in die Waagschale werfen und dem Gegner das Leben schwer(er) machen.} a4 40. Nxf5 Nxf5 41. Rxf5 {[#]In der Vorausberechnung werden unsere Oldies diese Stellung wohl als gleich einschätzen, da sie nicht erkennen können, dass Schwarz total auf Gewinn steht, weil seine Bauern weit mächtige sind als diejenigen von Weiss.} Kc6 42. Rf2 (42. Ra5 b5 43. g4 Kb6 44. Ra8 Ra7 45. Rb8+ Ka5 46. Rf8 a3 47. Rf1 a2 48. Kg2 Kb6 49. Ra1 b4 50. g5 b3 $19) 42... a3 43. Ra2 Rd3 44. h5 Kb5 45. Ra1 Ka4 46. Kh2 b5 47. Rc1 b4 48. Re1 a2 49. Ra1 b3 50. h6 Ka3 51. h7 {***AUFGEGEBEN***} 0-1

[Event "Match 78__120'/40"]
[Site "Zurich"]
[Date "2024.??.??"]
[Round "43"]
[White "Saitek D+ EGR 10 MHz"]
[Black "Mephisto Polgar sel. 5"]
[Result "0-1"]
[WhiteElo "1992"]
[BlackElo "1991"]
[Annotator "Utzinger,K"]
[PlyCount "119"]
[EventDate "2024.05.22"]
[EventType "match"]
[SourceVersionDate "2024.04.21"]

{[%evp 0,119,38,20,19,0,35,7,41,41,59,42,44,53,55,46,52,30,14,-7,64,44,72,30,49,77,39,61,40,57,38,41,26,9,38,29,64,43,78,1,8,17,5,10,103,7,56,-5,40,-49,-40,-40,-40,-90,-90,-92,-58,-64,-49,-53,-9,-8,-24,-24,-38,-55,-4,-24,4,0,19,-20,8,-3,4,-3,-3,-11,-10,-11,-9,-17,-6,-9,-6,-4,2,-13,-30,-41,12,-30,-36,-67,-28,-57,-35,-106,-96,-100,-88,-160,-161,-163,-162,-138,-135,-194,-166,-180,-265,-619,-640,-640,-636,-640,-636,-636,-636,-29991,-29992,-29995]} 1. d4 d5 {Match 120'/40 | Bediener: Rolf Bühler | 28.09.2024 | 43. Partie: Schwarz (Polgar) gewinnt | Zwischenstand: 22,0-21,0 (52,3%) für Mephisto Polgar / hypothetisch: 28-15 (65,1%) für Mephisto Polgar | Eröffnung: Damengambit, Slawische Verteidigung, Meraner System | Der Saitek D+ holt gar nichts aus der Eröffnung heraus. Im Gegenteil gelangt er durch planloses Spiel und dem Fehler 26.Dc2? auf die Verliererstrasse. Und wie so oft, gelingt es einem Oldie nicht, daraus Kapital zu schlagen. Schon glaubt man an ein klares Remis, opfert Weiss mit 50.Txc5? die Qualität für einen Bauern. Und dieses Mal kann der Mephisto Polgar den gegnerischen Fehler bestrafen und den Sieg einfahren.} 2. c4 c6 3. Nc3 Nf6 4. e3 e6 5. Nf3 Nbd7 6. Bd3 dxc4 7. Bxc4 b5 8. Bd3 Bb7 {***ENDE BUCH*** Bewertung: = (0.15) (52%)} 9. Bd2 {Eine zurückhaltende und rare Fortsetzung anstelle der üblichen 9.0-0 bzw. 9.e4 oder 9.a3.} Bd6 10. O-O {***ENDE BUCH*** Bewertung = (0.15) (52%)} b4 $6 {Ungenau, statt die Entwicklung mit 10...0-0 voranzutreiben oder mit 10...a6 den Damenflügel zu stärken zwecks Vorbereitung von ...c5.} (10... O-O 11. Rc1 Rc8 12. Ne2 e5 13. Ng3 Re8 14. Bf5 Rb8 15. Ng5 g6 16. Qb3 Qe7 17. Bxd7 Qxd7 18. dxe5 Bxe5 19. Rfd1 Qd5 20. Qxd5 Nxd5 21. b3 Rbd8 22. Ba5 Nb6 23. Rxd8 Rxd8 24. N5e4 f5 25. Nc5 Bc8 26. Kf1 Rd5 27. e4 fxe4 28. Ncxe4 Bd7 29. Ke2 Kg7 30. Nc5 Be8 31. Nge4 h6 32. f4 Bb8 33. g3 Kf7 34. h4 Bd6 35. Nd3 Ke7 36. Bc3 Rf5 37. Bb4 Bxb4 38. Nxb4 Ke6 39. Kf3 Nc8 40. Nxc6 Rd5 41. Nb4 Rd8 42. Nc5+ Kf7 43. Ncd3 a5 44. Ne5+ Kf6 45. Na6 Nd6 46. Nc7 Bf7 47. Rd1 b4 48. Nc6 Rd7 49. Na6 {1-0 (49) Bu,X (2719)-Yu,R (2516) China 2016}) 11. Na4 O-O 12. e4 {Damit ergreift Weiss die Initiative, es droht die Gabel e4-e5.} Be7 13. Qc2 {Stockfish 17 erachtet 13.e5 als kraftvoller mit einer Bewertung von: +/- (1.25 ++) (85% +70% =30% -0%)} h6 14. a3 $11 (14. e5 $1 $16) 14... a5 15. axb4 axb4 16. b3 Re8 {Mit 16...c5 war leichter Ausgleich zu haben.} 17. Rfe1 Ra5 18. Rec1 e5 $14 (18... c5 $5 {ist positionell klar besser.} 19. Be3 Qa8 $11) 19. dxe5 Nxe5 20. Nxe5 Rxe5 21. Rd1 Nd7 $6 (21... Bf8 {ist genauer, was den Druck gegen e4 erhöht.} 22. Bf4 Ra5 23. Rac1 $14) 22. Qc4 $6 {Wirft den Vorteil weg.} (22. Bf4 Ra5 23. e5 $16) 22... Rb5 {Hier war 22...c5 eine zweckmässigere Fortsetzung.} 23. Qc1 {Ein unnötiger Rückzug.} Ra5 24. Bf4 Bf6 25. Ra2 c5 {[#]} 26. Qc2 $2 {[%mdl 2] Weiss findet keinen rechten Plan und gerät mit diesem komischen Zug der Dame in eine sehr ungünstige Stellung.} (26. Be3 Bc6 27. Bb1 Qe7 28. Nc3 Rxa2 29. Nxa2 $11) 26... Bd4 $19 {Schwarz steht prächtig, aus Sicht von Stockfish 17 bereits gewonnen. Die folgende Phase wird von beidseitigen Ungenauigkeiten geprägt, alles natürlich aus der übermenschlichen Sicht von Stockfish.} 27. Kh1 Qf6 {Hier war 27...Sh5 stärker.} 28. Bc7 Ra7 29. Bg3 Nb6 $2 {Und schon ist fast der ganze Vorteil weg. mit 29...Tea8 wäre Schwarz auf der Siegerstrasse geblieben.} 30. Nxb6 $6 {Verpasst das wichtige Entlastungsmanöver 30.Sc3 usw.} (30. Nc3 $5 Rxa2 31. Nxa2 $15 {Turmverdopplung auf der a-Linie ist nicht mehr möglich und der Springer kommt bald mit Sa2-c1-e2 wieder gut ins Spiel.}) 30... Rxa2 31. Qxa2 Qxb6 32. Qc2 Re6 {Wesentlich stärker ist 32...La6! -+ gemäss Stockfish 7.} ({Stockfish 17:} 32... Ba6 33. Kg1 Bxd3 34. Qxd3 Qe6 35. Kf1 Ra8 36. f4 Ra3 37. Rb1 Ra2 38. f5 Qc6 39. Be1 Qc7 40. Bg3 Qa7 41. Be1 h5 42. Rd1 Qc7 43. Qg3 Qc6 44. Qd3 Qd6 45. Bg3 Qh6 46. h4 Rb2 47. Ra1 Kh7 48. Rd1 Kh8 49. Re1 Rd2 50. Qc4 Kg8 51. e5 Qc6 52. Re2 Rxe2 53. Qxe2 c4 54. e6 cxb3 55. e7 Qe8 56. Qc4 b2 57. Qxb4 Bf6 58. Bd6 Qc8 {[%eval -265,40] [%wdl 0,0,1000]}) 33. f3 Re8 34. Bc4 Bc6 35. Bf4 (35. Bf2 $5 $11) 35... Rd8 36. Qd3 Bf6 37. Bd5 (37. Bd6 Be5 38. Bxf7+ Kxf7 39. Qc4+ Kg6 40. Qe6+ Bf6 41. Qf5+ Kf7 42. e5 $11) 37... Bd4 38. Qc4 Bxd5 39. exd5 Qb7 40. d6 Re8 41. Bg3 Qd7 42. Rc1 {Zweckmässiger ist es, dem König mit 42.h3 ein Luftloch zu schaffen.} Kh7 43. Qd3+ f5 44. Qc4 Re6 45. Qc2 Re3 46. Qd1 Re8 47. h3 g6 48. Bf4 g5 {Die Partie bewegt sich im Remisbereich.} 49. Bh2 f4 $11 {[#]} 50. Rxc5 $2 $19 {[%mdl 2] Leitet mit diesem Qualitätsopfer eine schlechte Abwicklung ein, die das Blatt entscheidend zugunsten von Schwarz wendet.} Bxc5 51. Qc2+ Kg7 52. Qxc5 Re6 53. Qxb4 Qxd6 {Diese beim 50. Zug leicht zu berechnende Schlussstellung muss der Saitek D+ völlig falsch eingeschätzt haben. Dabei hat das Programm wohl seine geschwächte Königsstellung und den passiven Lh2 nicht berücksichtigt.} 54. Qc3+ Qe5 55. Qc4 $2 {Deutlich schwächer als der ebenfalls ungenügende Damentausch, was für unsere Oldies noch eine Knacknuss zum Gewinnen gewesen wäre, z.B.} (55. Qxe5+ Rxe5 56. g3 (56. Bg1 Re1 57. b4 Rb1 58. Kh2 Rxb4 $19) 56... Rf5 57. Kg2 Rf8 58. b4 Kg6 59. Bg1 Rd8 60. g4 Rd2+ 61. Kf1 Rd1+ 62. Kg2 Kf6 63. Bc5 Rd2+ 64. Kg1 Ke5 65. h4 (65. Bf8 Kd4 66. Bxh6 Ke3 $19) 65... Kd5 66. h5 Rc2 67. Bf8 Kd4 68. Bc5+ (68. Bxh6 Ke3 69. Bxg5 Kxf3 $19) 68... Rxc5 $1 69. bxc5 Kxc5 $19 {mit gewonnenem Bauernendspiel für Schwarz.}) 55... Qe1+ {Jetzt gewinnt Schwarz kinderleicht mit einem Mattangriff.} 56. Bg1 Re2 {Droht einfach ...Df1 nebst Matt auf g2.} 57. Qd4+ Kg6 58. Qb6+ Kh5 59. Qa7 Qf1 {Matt in 4} 60. Qf2 {***AUFGEGEBEN***} 0-1

[Event "Match 78__120'/40"]
[Site "Zurich"]
[Date "2024.??.??"]
[Round "44"]
[White "Mephisto Polgar sel. 5"]
[Black "Saitek D+ EGR 10 MHz"]
[Result "0-1"]
[WhiteElo "1991"]
[BlackElo "1992"]
[Annotator "Utzinger,K"]
[PlyCount "61"]
[EventDate "2024.05.22"]
[EventType "match"]
[SourceVersionDate "2024.04.21"]

{[%evp 0,61,17,17,69,64,57,36,36,37,64,78,49,39,30,29,19,14,28,27,30,27,34,22,15,21,13,10,19,-32,-31,-31,3,-29,-16,-19,-20,-39,-40,-81,-107,-183,-197,-198,-212,-221,-278,-341,-180,-194,-268,-397,-489,-551,-551,-942,-971,-1051,-1156,-996,-1470,-1647,-1698,-1682]} 1. e4 c6 {[%mdl 1] Match 120'/40 | Bediener: Rolf Bühler | 30.09.2024 | 44. Partie: Schwarz (Saitek D+) gewinnt | Zwischenstand: 22,0-22,0 (50%) Ausgleich / hypothetisch: 28-16 (63,6%) für Mephisto Polgar | Eröffnung: Caro Kann Verteidigung, Capablanca System | Das holländische Programm von Ed Schroeder muss mit Weiss eine herbe Niederlage einstecken. Nach einer grundsoliden Eröffnungsphase begeht der Mephisto Polgar bereits mit 19.g3? den entscheidenden Fehler. Schwarz bekommt dann exzellente Angriffschancen gegen den lang rochierten weissen König. Und auf fast unglaublich saubere Weise schieber der Saitek D+ die Partie nach Hause.} 2. d4 d5 3. Nc3 dxe4 4. Nxe4 Bf5 5. Ng3 Bg6 6. h4 h6 7. h5 Bh7 8. Nf3 Nd7 9. Bd3 Bxd3 10. Qxd3 Qc7 11. Bd2 e6 12. O-O-O Ngf6 13. c4 {***ENDE BUCH*** Bewertung: = (-0.03) (50%)} b5 {***ENDE BUCH*** Bewertung: +/= (0.33 --) (53%)} 14. Rde1 bxc4 15. Qxc4 Nb6 16. Qd3 Be7 17. Ne4 O-O 18. Nxf6+ Bxf6 {[#]} 19. g3 $2 {[%mdl 2] Frühzeitig stolpert der Mephisto Polgar mit dieser Fortsetzung in eine verlorene Stellung.} c5 $1 {Dass es nach diesem logischen Vorstoss für Weiss keine Rettung mehr gibt, war natürlich durch das holländische Programm von Ed Schröder nicht zu erkennen. Aber auch erstaunlich, wie souverän der Saitek D+ den vollen Punkt ins Trockene bringt.} 20. Qc2 {Es ist sehr fraglich, ob Schwarz nach 20.Kb1 die äusserst schwierige Gewinnführung auch gefunden hätte.} (20. Kb1 Qb7 21. Ka1 (21. Rc1 Na4 22. Qb3 Qe4+ 23. Ka1 Rab8 24. Qxa4 Qxf3 25. Qd1 Qb7 26. Qb3 Qg2 {Rems Sep24-avx2: 1)} 27. Qc2 ({Rems Sep24-avx2: 2)} 27. Qd3 Rfd8 28. Bc3 cxd4 29. Ba5 Rdc8 30. Bd2 Qxf2 31. Rb1 Qg2 32. Rhf1 e5 33. Rfe1 Qh3 34. Qe4 Qxh5 35. Rf1 Qg6 36. Rf5 d3 37. Bc3 Rb6 38. g4 Rbc6 39. Rbf1 Rc4 40. Qb7 e4 41. Rxf6 gxf6 42. Qxa7 Rxc3 43. bxc3 Rxc3 44. Qa8+ Kg7 {[%eval -462,44] [%wdl 0,0,1000]}) 27... Rfd8 28. Rhf1 Qf3 29. Ba5 Rd7 30. Rfd1 Qxh5 31. Rd3 cxd4 32. Be1 e5 33. f3 Rdb7 34. Rb1 Qg6 35. Bf2 Qf5 36. Be1 Rc8 37. Qd1 Qg6 38. a3 Rbc7 39. Qb3 Bg5 40. Rdd1 Be3 41. Qd5 Rc5 42. Qb7 R5c6 43. Qd7 Qe6 44. Qxe6 Rxe6 45. Bd2 f5 46. Bxe3 dxe3 47. Rd5 Kh7 48. Re1 {[%eval -435,45] [%wdl 0,0,1000]}) 21... cxd4 22. Bf4 Nd5 23. Qb3 Qxb3 24. axb3 Nxf4 25. gxf4 Rab8 26. Ka2 Rfd8 $19) 20... Qb7 21. Qe4 Nd5 {Damentausch würde den schwarzen Angriff zunichte machen.} 22. Ne5 Rab8 {droht ...Dxb2+} 23. b3 cxd4 {öffent die c-Linie} 24. Qxd4 Rfd8 $1 {Nach diesem ruhigen Zug lassen sich die vielen schwarzen Drohungen nicht mehr parieren.} 25. Qe4 Qa6 {Angriff auf a2} 26. Kb2 Nb6 {Mit der Doppeldrohung ...Txd2 oder ...Lxe5, Dxe5 Sc4+ und gewinnt die Dame.} 27. Bf4 Bxe5+ 28. Kb1 (28. Bxe5 Rd2+ 29. Kc3 Qa5+ 30. Qb4 Qxa2 31. Rc1 Qb2#) 28... Nc4 {Schwarz hat Mattangriff} 29. Bxe5 Nd2+ 30. Kb2 Nxe4 31. Bf4 {***AUFGEGEBEN***} 0-1